| 000 | 00964nas a2200325 4500 | ||
|---|---|---|---|
| 001 | BR2010005947 | ||
| 003 | BR-BrBNA | ||
| 005 | 20231205114809.0 | ||
| 007 | ta | ||
| 008 | 230509b bl.|||p| |||| 00| 00por d | ||
| 040 |
_aBR-BrBNA _bpor _cBiblioteca Nacional de Agricultura |
||
| 041 | _a(Pt) | ||
| 072 | _aF04 | ||
| 100 | 1 | _aMedeiros, D.C. de | |
| 100 | 1 | _aFreitas, K.C. de S. | |
| 100 | 1 | _aVeras, F. de S. | |
| 100 | 1 | _aAnjos, R.S.B. dos | |
| 100 | 1 | _aBorges, R.D. | |
| 100 | 1 | _aCavalcante Neto, J.G. | |
| 100 | 1 | _aNunes, G.H. de S. | |
| 100 | 1 | _aFerreira, H.A. | |
| 245 | 1 | _aQualidade de mudas de alface em função de substratos com e sem biofertilizante | |
| 650 | _aALFACE | ||
| 650 | _aMUDA | ||
| 650 | _aBIOFERTILIZANTE | ||
| 650 | _aQUALIDADE | ||
| 773 | 0 |
_tHorticultura Brasileira (Brazil) _xISSN 0102-0536 _g(Apr-Jun 2008), v. 26(2) p. 186-189 _wBR2010005947 |
|
| 909 |
_a202311 _bLúcia _c55 _dLúcia Elande |
||
| 942 |
_2AGRIS _n0 _cANA |
||
| 999 |
_c210545 _d210545 |
||